00926cam a22002531 4500001001300000003000400013005001700017008004100034010001700075035001900092040002500111042001200136050001500148100002700163245012700190260003300317300001800350440009800368530006900466651002700535650004200562856005100604999001700655rc 01000142 DLC20260227111859.0800321s1888 xx 000 0 eng  arc 01000142  a(OCoLC)6115193 aDLCcCChiSdCtYdDLC apremarc00aF737.M2bC1 aCope, George F.ecomp.10aStatistical and descriptive report upon the mines, farms and ranges of Madison County, Montana.cGeorge F. Cope, compiler. aVirginia City, Mont.,c1888. a63 p.c23 cm. 0aHistory of the Pacific Northwest, PNWvno. 73, Research Publications, Inc. Microfilm, Reel 8. aAlso available in digital form on the Internet Archive Web site. 0aMadison County (Mont.) 0aMines and mineral resourceszMontana.41uhttp://hdl.loc.gov/loc.gdc/scd0001.00170606899 c51734d51734